<?xml version="1.0" encoding="UTF-8"?>
<record
    xmlns:xsi="http://www.w3.org/2001/XMLSchema-instance"
    xsi:schemaLocation="http://www.loc.gov/MARC21/slim http://www.loc.gov/standards/marcxml/schema/MARC21slim.xsd"
    xmlns="http://www.loc.gov/MARC21/slim">

  <leader>01423nam a22003137a 4500</leader>
  <controlfield tag="003">OSt</controlfield>
  <controlfield tag="005">20260507090135.0</controlfield>
  <controlfield tag="008">260507b        |||||||| |||| 00| 0 aze d</controlfield>
  <datafield tag="020" ind1=" " ind2=" ">
    <subfield code="a">9789952210606</subfield>
  </datafield>
  <datafield tag="040" ind1=" " ind2=" ">
    <subfield code="a">AZ-XaKU</subfield>
    <subfield code="b">aze</subfield>
    <subfield code="c">AZ-XaKU</subfield>
  </datafield>
  <datafield tag="041" ind1="0" ind2=" ">
    <subfield code="a">aze</subfield>
  </datafield>
  <datafield tag="050" ind1="1" ind2="4">
    <subfield code="a">ML423 .B111 .T131 2020</subfield>
  </datafield>
  <datafield tag="100" ind1="1" ind2=" ">
    <subfield code="a">T&#x259;hmirazq&#x131;z&#x131;, S&#x259;ad&#x259;t,</subfield>
    <subfield code="e">m&#xFC;&#x259;llif.</subfield>
  </datafield>
  <datafield tag="245" ind1="1" ind2="0">
    <subfield code="a">H&#x259;c&#x259;r Babayeva</subfield>
    <subfield code="c">/ S&#x259;ad&#x259;t T&#x259;hmirazq&#x131;z&#x131;</subfield>
  </datafield>
  <datafield tag="264" ind1=" " ind2=" ">
    <subfield code="a">Bak&#x131;:</subfield>
    <subfield code="b">Renessans-A N&#x259;&#x15F;riyyat Evi,</subfield>
    <subfield code="c">2020.</subfield>
  </datafield>
  <datafield tag="300" ind1=" " ind2=" ">
    <subfield code="a">28 s&#x259;hif&#x259; ;</subfield>
    <subfield code="b">&#x15F;&#x259;killi ;</subfield>
    <subfield code="c">16.5 sm.</subfield>
  </datafield>
  <datafield tag="336" ind1=" " ind2=" ">
    <subfield code="a">text</subfield>
    <subfield code="b">txt</subfield>
    <subfield code="2">rdacontent</subfield>
  </datafield>
  <datafield tag="337" ind1=" " ind2=" ">
    <subfield code="a">unmediated</subfield>
    <subfield code="b">n</subfield>
    <subfield code="2">rdamedia</subfield>
  </datafield>
  <datafield tag="338" ind1=" " ind2=" ">
    <subfield code="a">volume </subfield>
    <subfield code="b">nc</subfield>
    <subfield code="2">rdacarrier</subfield>
  </datafield>
  <datafield tag="520" ind1=" " ind2=" ">
    <subfield code="a">Kitabda milli musiqi&#x15F;&#xFC;nasl&#x131;q m&#x259;kt&#x259;binin layiqli n&#xFC;may&#x259;nd&#x259;l&#x259;rind&#x259;n biri, &#x18F;m&#x259;kdar inc&#x259;s&#x259;n&#x259;t xadimi, professor H&#x259;c&#x259;r Babayevan&#x131;n h&#x259;yat v&#x259; yarad&#x131;c&#x131;l&#x131;q yolunun b&#x259;zi m&#x259;rh&#x259;l&#x259;l&#x259;rin&#x259; n&#x259;z&#x259;r sal&#x131;n&#x131;r. Yaz&#x131;da onun 40 ild&#x259;n &#xE7;ox pedaqoji f&#x259;aliyy&#x259;ti, radio-televiziya verili&#x15F;l&#x259;rinin m&#xFC;&#x259;llifi v&#x259; apar&#x131;c&#x131;s&#x131; kimi milli musiqimizin t&#x259;bli&#x11F;ind&#x259;ki yorulmaz f&#x259;aliyy&#x259;ti &#xF6;z &#x259;ksini tap&#x131;r.</subfield>
  </datafield>
  <datafield tag="521" ind1=" " ind2=" ">
    <subfield code="a">&#xDC;mumi oxucu k&#xFC;tl&#x259;si</subfield>
  </datafield>
  <datafield tag="600" ind1=" " ind2=" ">
    <subfield code="2">AZ-XaKU</subfield>
    <subfield code="a">Babayeva, H&#x259;c&#x259;r,</subfield>
    <subfield code="d">1948 - .</subfield>
  </datafield>
  <datafield tag="650" ind1=" " ind2="7">
    <subfield code="2">AZ-XaKU</subfield>
    <subfield code="a">Musiqi&#x15F;&#xFC;naslar</subfield>
    <subfield code="x">H&#x259;yat v&#x259; yarad&#x131;c&#x131;l&#x131;&#x11F;&#x131;</subfield>
    <subfield code="z">Az&#x259;rbaycan</subfield>
  </datafield>
  <datafield tag="655" ind1=" " ind2=" ">
    <subfield code="a">Bioqrafiya</subfield>
  </datafield>
  <datafield tag="700" ind1="1" ind2=" ">
    <subfield code="a">Qafarova, Zemfira,</subfield>
    <subfield code="e">redaktor.</subfield>
  </datafield>
  <datafield tag="710" ind1="2" ind2=" ">
    <subfield code="a">Az&#x259;rbaycan B&#x259;st&#x259;katlar &#x130;ttifaq&#x131;.</subfield>
  </datafield>
  <datafield tag="942" ind1=" " ind2=" ">
    <subfield code="c">BOOK</subfield>
  </datafield>
  <datafield tag="999" ind1=" " ind2=" ">
    <subfield code="c">383</subfield>
    <subfield code="d">383</subfield>
  </datafield>
  <datafield tag="952" ind1=" " ind2=" ">
    <subfield code="0">0</subfield>
    <subfield code="1">0</subfield>
    <subfield code="2">lcc</subfield>
    <subfield code="4">0</subfield>
    <subfield code="7">0</subfield>
    <subfield code="8">FA</subfield>
    <subfield code="a">KU</subfield>
    <subfield code="b">KUA</subfield>
    <subfield code="d">2026-05-07</subfield>
    <subfield code="l">0</subfield>
    <subfield code="o">ML423 .B111 .T131 2020</subfield>
    <subfield code="p">0000001175</subfield>
    <subfield code="r">2026-05-07 08:14:14</subfield>
    <subfield code="t">1</subfield>
    <subfield code="w">2026-05-07</subfield>
    <subfield code="y">BOOK</subfield>
  </datafield>
</record>
